[Event "Chigorin Memorial Open"]
[Site "St Petersburg RUS"]
[Date "2011.10.18"]
[Round "5.78"]
[White "Melnikov, Dmitry"]
[Black "Emdin, Mark"]
[Result "1/2-1/2"]
[WhiteTitle "FM"]
[WhiteElo "2299"]
[BlackElo "2088"]
[WhiteFideId "4146468"]
[BlackFideId "4100050"]
[EventDate "2011.10.14"]

1. f4 d5 2. Nf3 g6 3. g3 Bg7 4. Bg2 c6 5. c3 Qb6 6. d4 Nh6 7. O-O O-O 8. e3 Nf5
9. g4 Nd6 10. h3 Nd7 11. Nbd2 f6 12. Qe1 e5 13. fxe5 fxe5 14. Qg3 Nf7 15. e4 Nf6
16. Nxe5 Nxe4 17. Nxe4 Bxe5 18. Nf6+ Bxf6 19. Rxf6 Qd8 20. Rf2 Bd7 21. Bd2 Qb6
22. Bf4 Rae8 23. Bc7 Qa6 24. a3 b6 25. Raf1 Qc8 26. b3 Be6 27. Rf6 Nh8 28. Be5
Nf7 29. Bc7 Nh8 30. Rxf8+ Rxf8 31. Rxf8+ Qxf8 32. Bd6 Qe8 33. Bb8 Qd7 34. Qe5
Nf7 35. Qf6 a6 36. Bf4 b5 37. Bg3 Kf8 38. Be5 Qe7 39. Qg7+ Ke8 40. Qxh7 Qxa3 41.
Qxg6 Kd7 42. Qg7 a5 43. Kh2 Qc1 44. h4 Qh6 45. Qxh6 Nxh6 46. Bf4 Nxg4+ 47. Kg3
Nf6 48. Bd2 1/2-1/2

[Event "Chigorin Memorial Open"]
[Site "St Petersburg RUS"]
[Date "2011.10.18"]
[Round "5.79"]
[White "Kuznetsov, Nikolay P."]
[Black "Tkachev, Ivan"]
[Result "0-1"]
[WhiteTitle "FM"]
[WhiteElo "2293"]
[BlackElo "2074"]
[WhiteFideId "4175379"]
[BlackFideId "4186885"]
[EventDate "2011.10.14"]

1. d4 d5 2. Nf3 c5 3. c3 e6 4. e3 Nf6 5. Bd3 b6 6. O-O Nbd7 7. c4 Bd6 8. Nc3 Bb7
9. cxd5 exd5 10. b3 O-O 11. Bb2 a6 12. Rc1 Qe7 13. Re1 Ne4 14. Bf1 Ndf6 15. h3
Nxc3 16. Bxc3 Ne4 17. Bb2 f5 18. Ne5 Qh4 19. g3 Qe7 20. Bg2 Rac8 21. Qe2 Rc7 22.
Rc2 b5 23. Kh2 c4 24. f3 Nf6 25. Rec1 Rfc8 26. f4 Ne4 27. Bxe4 fxe4 28. Bc3 b4
29. Be1 a5 30. Qh5 Bxe5 31. Qxe5 Qxe5 32. dxe5 cxb3 33. Rxc7 Rxc7 34. Rxc7 b2
35. Rxb7 b1=Q 36. e6 Kf8 37. Bf2 Qxa2 38. Kg1 Qc4 39. g4 Qc8 40. Ra7 b3 41. Bh4
b2 0-1

[Event "Chigorin Memorial Open"]
[Site "St Petersburg RUS"]
[Date "2011.10.18"]
[Round "5.81"]
[White "Kharchenko, Daniil"]
[Black "Ivakhinova, Inna"]
[Result "0-1"]
[BlackTitle "WIM"]
[WhiteElo "2016"]
[BlackElo "2288"]
[WhiteFideId "24101664"]
[BlackFideId "4185641"]
[EventDate "2011.10.14"]

1. e4 c5 2. Nf3 d6 3. d4 cxd4 4. Qxd4 Nc6 5. Bb5 Bd7 6. Bxc6 Bxc6 7. Nc3 e5 8.
Qd3 h6 9. O-O Nf6 10. Be3 Be7 11. Rad1 O-O 12. Nd2 Qc7 13. Nc4 Rfe8 14. f4 Rac8
15. Bxa7 b5 16. Bb6 Qb7 17. Bd8 bxc4 18. Qxc4 Rexd8 19. fxe5 dxe5 20. Rxd8+ Bxd8
21. Qb3 Bb6+ 22. Kh1 Nxe4 23. Nxe4 Bxe4 24. Qg3 Qd5 25. c3 Qd2 26. Qg4 f5 27.
Qg3 Qe2 28. Rc1 f4 29. Qh3 f3 0-1

[Event "Chigorin Memorial Open"]
[Site "St Petersburg RUS"]
[Date "2011.10.18"]
[Round "5.83"]
[White "Savchenko, Boris"]
[Black "Kantyshev, Nikita"]
[Result "1-0"]
[WhiteTitle "GM"]
[WhiteElo "2630"]
[BlackElo "1833"]
[WhiteFideId "4147332"]
[BlackFideId "4186737"]
[EventDate "2011.10.14"]

1. e4 e5 2. Nf3 Nc6 3. Bc4 Bc5 4. c3 Nf6 5. d3 O-O 6. b4 Be7 7. O-O d6 8. Re1
Bg4 9. Nbd2 a6 10. h3 Be6 11. Bxe6 fxe6 12. Nf1 Kh8 13. Ng3 d5 14. a3 Qd7 15. c4
Rad8 16. Bb2 d4 17. Rc1 Bd6 18. c5 Be7 19. a4 b5 20. cxb6 cxb6 21. b5 axb5 22.
axb5 Na5 23. Qa4 Bd6 24. Nxd4 exd4 25. e5 Bb8 26. exf6 Rxf6 27. Bxd4 e5 28. Be3
h6 29. Rc3 Qb7 30. Rec1 Rff8 31. Qe4 Qa7 32. Nh5 Bd6 33. Qg6 Bc5 34. Bxc5 bxc5
35. Rxc5 Qf7 36. Qxf7 Rxf7 37. b6 Nb3 38. Rc8 Nxc1 39. Rxd8+ Kh7 40. Rc8 Kg6 41.
Rxc1 Kxh5 42. Rc7 Rf6 43. b7 Rb6 44. Rxg7 Kh4 45. Kh2 Rb5 46. g3+ Kh5 47. h4 1-0

[Event "Chigorin Memorial Open"]
[Site "St Petersburg RUS"]
[Date "2011.10.18"]
[Round "5.84"]
[White "Kuzmin, Egor"]
[Black "Guliev, Logman"]
[Result "1/2-1/2"]
[BlackTitle "IM"]
[WhiteElo "2117"]
[BlackElo "2447"]
[WhiteFideId "24101737"]
[BlackFideId "13400061"]
[EventDate "2011.10.14"]

1. e4 c5 2. Nc3 e6 3. g3 Nc6 4. Bg2 Nf6 5. Nge2 Be7 6. d3 d5 7. exd5 exd5 8. Bg5
d4 9. Bxf6 Bxf6 10. Nd5 O-O 11. O-O Be5 12. c4 dxc3 13. bxc3 Bg4 14. Qd2 Qa5 15.
Nef4 Rad8 16. Rac1 Bxf4 17. Nxf4 Nd4 18. Qb2 Nf3+ 19. Kh1 Ne5 20. Qxb7 Bf5 21.
Be4 Rd7 22. Qb1 Bxe4+ 23. dxe4 c4 24. Qc2 Nd3 25. Nxd3 Rxd3 26. Rfd1 Rfd8 27.
Rxd3 Rxd3 28. Qb2 h5 29. Qb8+ Rd8 30. Qb2 h4 31. Kg2 Qh5 32. h3 hxg3 33. fxg3
Qg5 34. Rc2 Qe5 35. Qb7 Kh7 36. Kh2 Rd3 37. Rg2 f6 38. Qxa7 Rxc3 39. Qf2 Qxe4
40. a4 Rc1 41. Qf4 Qxf4 42. gxf4 Ra1 43. Rc2 Rxa4 44. Kg3 Kg6 45. Kg4 Kf7 46. h4
Ke6 47. h5 Kd5 48. Kf5 Ra7 49. h6 gxh6 50. Kxf6 Rc7 51. f5 Ke4 52. Kg6 Kd3 53.
Rf2 Ke3 54. Rc2 Kd3 55. Rf2 Rc6+ 56. f6 Ke3 57. Rc2 c3 58. Rxc3+ Rxc3 59. Kxh6
Rc6 60. Kg7 1/2-1/2

[Event "Chigorin Memorial Open"]
[Site "St Petersburg RUS"]
[Date "2011.10.18"]
[Round "5.85"]
[White "Kalinin, Nikita"]
[Black "Ovod, Evgenija"]
[Result "1/2-1/2"]
[BlackTitle "IM"]
[WhiteElo "2102"]
[BlackElo "2408"]
[WhiteFideId "24155390"]
[BlackFideId "4131827"]
[EventDate "2011.10.14"]

1. d4 Nf6 2. Nf3 e6 3. c4 Bb4+ 4. Nbd2 O-O 5. g3 b6 6. Bg2 Bb7 7. O-O Re8 8. a3
Bf8 9. Qc2 d5 10. Ne5 Nc6 11. Ndf3 dxc4 12. Be3 Nxe5 13. dxe5 Nd5 14. Qxc4 Nxe3
15. fxe3 Be7 16. Rad1 Qc8 17. Qg4 Rf8 18. Nd2 Bxg2 19. Kxg2 Qb7+ 20. Kg1 Bc5 21.
Qf4 f5 22. b4 Be7 23. Nf3 c5 24. Qc4 Qc8 25. b5 Rb8 26. Rd6 Bxd6 27. exd6 Qb7
28. Rd1 Qf7 29. Ne5 Qf6 30. Nd7 Qh6 31. Qf4 Rbd8 32. Nxf8 Kxf8 33. e4 Qxf4 34.
gxf4 fxe4 35. Kf2 Ke8 36. Ke3 Kd7 37. Kxe4 Rf8 38. Rg1 g6 39. Rd1 Rf5 40. e3 Rh5
41. Rd2 c4 42. a4 c3 43. Rc2 Kxd6 44. Kd4 e5+ 45. fxe5+ Rxe5 46. Rxc3 Rd5+ 47.
Ke4 Rh5 48. Rc6+ Kd7 49. Rf6 Rxh2 50. Rf7+ Kd6 51. Kd4 g5 52. Rxa7 g4 53. Rb7 g3
54. Rxb6+ Ke7 55. Rb7+ Kf6 56. Rb6+ Kg7 57. Rb7+ Kh6 58. Rb6+ Kh5 59. Rb7 g2 60.
Rxh7+ Kg6 61. Rxh2 g1=Q 62. Rh4 Qe1 63. Rf4 Qd2+ 64. Kc4 Qxe3 65. Rd4 Kf6 66. b6
Qc1+ 67. Kb5 Ke5 68. Rb4 Kd5 69. Ka6 Qa3 70. Ka5 Kc6 71. b7 Qxb4+ 1/2-1/2

[Event "Chigorin Memorial Open"]
[Site "St Petersburg RUS"]
[Date "2011.10.18"]
[Round "5.86"]
[White "Kashlinskaya, Alina"]
[Black "Korchagina, Viktoria"]
[Result "1-0"]
[WhiteTitle "WGM"]
[BlackTitle "WFM"]
[WhiteElo "2385"]
[BlackElo "2109"]
[WhiteFideId "4198026"]
[BlackFideId "4197224"]
[EventDate "2011.10.14"]

1. d4 Nf6 2. c4 g6 3. Nf3 Bg7 4. g3 O-O 5. Bg2 d6 6. Nc3 Nbd7 7. O-O e5 8. e4 a6
9. h3 b5 10. Qc2 c6 11. Rd1 Qe7 12. Bg5 b4 13. Na4 c5 14. dxc5 dxc5 15. Rd5 Bb7
16. Rxd7 Qxd7 17. Nxc5 Qc7 18. Nxb7 Qxb7 19. Nxe5 Qc7 20. Nd3 Rac8 21. Rc1 a5
22. Be3 Rfe8 23. e5 Nd7 24. f4 Bf8 25. c5 Nb8 26. Nf2 f5 27. Bd5+ Kh8 28. c6 Bg7
29. Qc4 g5 30. Nd3 gxf4 31. gxf4 Qe7 32. Kh2 Qh4 33. c7 Nd7 34. Bb7 Nxe5 35.
fxe5 f4 36. Qxf4 Qh5 37. Bxc8 Qe2+ 38. Qf2 Qxd3 39. Bg4 Bxe5+ 40. Kg1 1-0

[Event "Chigorin Memorial Open"]
[Site "St Petersburg RUS"]
[Date "2011.10.18"]
[Round "5.87"]
[White "Leontiev, Aleksandr V."]
[Black "Gorozhankina, Julia"]
[Result "1-0"]
[WhiteTitle "IM"]
[BlackTitle "WFM"]
[WhiteElo "2329"]
[BlackElo "2140"]
[WhiteFideId "4122968"]
[BlackFideId "4199650"]
[EventDate "2011.10.14"]

1. c4 e5 2. Nc3 Nf6 3. Nf3 Nc6 4. e3 Bb4 5. Qc2 Bxc3 6. Qxc3 Qe7 7. a3 d5 8. d4
exd4 9. Nxd4 Nxd4 10. Qxd4 c5 11. Qf4 dxc4 12. Bxc4 Be6 13. Bb5+ Bd7 14. Bd3 Bc6
15. O-O O-O 16. Qh4 Rfe8 17. f3 Rad8 18. Be2 Qd7 19. Rd1 Qe6 20. Qe1 b6 21. e4
Qe5 22. Rxd8 Rxd8 23. Qc3 Qh5 24. Qc2 Qg6 25. Bf1 Nh5 26. Be3 Qe6 27. b4 cxb4
28. axb4 Qe7 29. Qa2 h6 30. Qxa7 Qxa7 31. Rxa7 Rd1 32. Kf2 Rb1 33. Bc4 Rb2+ 34.
Ke1 Nf6 35. Bxf7+ Kh7 36. Bd4 Rb1+ 37. Kd2 Nd7 38. Be6 Rxb4 39. Bc3 Ra4 40. Rc7 1-0

[Event "Chigorin Memorial Open"]
[Site "St Petersburg RUS"]
[Date "2011.10.18"]
[Round "5.88"]
[White "Androsov, Sergey"]
[Black "Barhudarian, Rafael"]
[Result "0-1"]
[BlackTitle "FM"]
[WhiteElo "2088"]
[BlackElo "2325"]
[WhiteFideId "4102681"]
[BlackFideId "4182685"]
[EventDate "2011.10.14"]

1. e4 c5 2. Nf3 g6 3. Bc4 Bg7 4. O-O d6 5. Nc3 Nf6 6. d3 O-O 7. h3 Nc6 8. Be3 a6
9. a4 Rb8 10. Qd2 Bd7 11. Bh6 Na5 12. Bxg7 Kxg7 13. Ba2 b5 14. axb5 axb5 15. Nd5
Nxd5 16. Bxd5 b4 17. b3 e6 18. Bc4 Bc6 19. Qe3 Ra8 20. d4 d5 21. exd5 exd5 22.
Be2 Re8 23. Qd2 c4 24. Ne5 c3 25. Qf4 f6 26. Nxc6 Nxc6 27. Bb5 Rxa1 28. Rxa1 Re4
29. Qg3 Nxd4 30. Bd3 Qe7 31. Kf1 Re5 32. Qf4 Ne6 33. Qg3 Nc5 34. Qf3 Ne4 35.
Bxe4 Rxe4 36. Qd3 Qe5 37. g3 Rd4 38. Qb5 Qe4 39. Kg1 Qxc2 40. Qd7+ Kh6 41. Qe7
Rd1+ 42. Rxd1 Qxd1+ 43. Kg2 Qd4 44. Qf8+ Kg5 45. f4+ Kf5 46. Qc8+ Ke4 47. Qe6+
Kd3 48. Qa6+ Kd2 0-1

[Event "Chigorin Memorial Open"]
[Site "St Petersburg RUS"]
[Date "2011.10.18"]
[Round "5.89"]
[White "Vunder, Andrey"]
[Black "Yakovlev, Yuri S."]
[Result "1-0"]
[WhiteElo "2282"]
[BlackElo "2029"]
[WhiteFideId "4128338"]
[BlackFideId "4173929"]
[EventDate "2011.10.14"]

1. d4 d5 2. Nf3 c6 3. c4 Nf6 4. cxd5 cxd5 5. Nc3 Nc6 6. Bf4 Nh5 7. Be5 f6 8. Bg3
Nxg3 9. hxg3 e6 10. e3 Bd6 11. Bd3 f5 12. g4 g6 13. gxf5 gxf5 14. Nh4 Qf6 15. f4
Bd7 16. g4 fxg4 17. Qxg4 O-O-O 18. Qe2 Rdg8 19. O-O-O Rg3 20. Kb1 Be8 21. Ka1
Nb4 22. Bb1 Kb8 23. a3 Nc6 24. Qf2 Rg7 25. Nf3 Na5 26. Ne5 Qe7 27. Ba2 Rhg8 28.
Rdg1 Rxg1+ 29. Rxg1 Rxg1+ 30. Qxg1 Bxe5 31. dxe5 Bg6 32. Nb5 b6 33. Nd4 Kb7 34.
f5 Bxf5 35. Nxf5 exf5 36. Bxd5+ Kc7 37. e6 Nc6 38. Qh2+ Qd6 39. Qxh7+ Ne7 40.
Bb3 Qc5 41. Ka2 Kd6 42. Qh2+ Kc6 43. Qb8 b5 44. Qe8+ Kb6 45. Qb8+ Kc6 46. Qd8
Qd6 47. Qa5 Qc7 48. Qc3+ Kb6 49. Qd2 Qc5 50. Kb1 a5 51. Bc2 Nd5 52. Bxf5 Nc3+
53. Qxc3 Qxf5+ 54. Kc1 Qxe6 55. Qd4+ Kc6 56. Kd2 a4 57. Kd3 Qh3 58. Kc3 Qe6 59.
Kd3 Qh3 60. Qe4+ Kc5 61. Qe5+ Kc6 62. Kc3 Qf1 63. Qe4+ Kc5 64. Qd4+ Kc6 65. Kb4
Qf8+ 66. Kc3 Qf1 67. Qe4+ Kc5 68. Qe7+ Kc6 69. Qe8+ Kc5 70. Qc8+ Kb6 71. Kb4 Qd3
72. Qc5+ Ka6 73. Qc6+ Ka7 74. Qc3 Qf1 75. Qc7+ Ka6 76. Qa5+ 1-0

[Event "Chigorin Memorial Open"]
[Site "St Petersburg RUS"]
[Date "2011.10.18"]
[Round "5.91"]
[White "Valov, Ilya"]
[Black "Lysenko, Maria"]
[Result "1/2-1/2"]
[WhiteTitle "FM"]
[WhiteElo "2234"]
[BlackElo "2019"]
[WhiteFideId "4199251"]
[BlackFideId "24122084"]
[EventDate "2011.10.14"]

1. d4 Nf6 2. Nf3 e6 3. c4 Bb4+ 4. Bd2 Qe7 5. g3 Nc6 6. Bg2 O-O 7. O-O Bxd2 8.
Qxd2 d6 9. Nc3 e5 10. dxe5 Nxe5 11. b3 Nxf3+ 12. Bxf3 c6 13. Rfd1 Rd8 14. Qf4
Bh3 15. Rd3 Rd7 16. Rad1 Rad8 17. Re3 Be6 18. Nd5 Nxd5 19. cxd5 cxd5 20. Bxd5
Re8 21. h4 Qd8 22. Bf3 Qb6 23. Red3 Red8 24. Rd4 h6 25. Rb4 Qa6 26. Ra4 Qb6 27.
Rb4 Qa6 28. Rd2 Rc8 29. Kg2 Rcd8 30. Qe3 b6 31. Rbd4 d5 32. Qe5 Qb7 33. g4 Qb8
34. Qxb8 Rxb8 35. Kg3 Rbd8 36. g5 hxg5 37. hxg5 Kf8 38. e3 Ke7 39. Rc2 Kd6 40.
Be2 Rc7 41. Rcd2 Rc1 42. Kg2 Rh8 43. Bd1 Kc5 44. f4 Rc3 45. f5 Bc8 46. Rxd5+ Kb4
47. R5d4+ Kc5 48. b4+ Kb5 49. a4+ Kc6 50. Bf3+ Kc7 51. e4 g6 52. Rd5 Rh4 53.
R5d3 Rxd3 54. Rxd3 gxf5 55. Kg3 Rh8 56. e5 f4+ 57. Kxf4 Rh4+ 58. Kg3 Rxb4 59.
Bh5 Rxa4 60. Rf3 Be6 61. Bxf7 Rg4+ 62. Kf2 Rxg5 63. Bxe6 Rxe5 1/2-1/2

[Event "Chigorin Memorial Open"]
[Site "St Petersburg RUS"]
[Date "2011.10.18"]
[Round "5.92"]
[White "Zakharchenko, Arnold"]
[Black "Nezbailo, Dmitry"]
[Result "1-0"]
[WhiteTitle "IM"]
[WhiteElo "2225"]
[BlackElo "1966"]
[WhiteFideId "14103745"]
[BlackFideId "4199057"]
[EventDate "2011.10.14"]

1. c4 Nf6 2. Nc3 g6 3. d4 d5 4. Qb3 dxc4 5. Qxc4 Bg7 6. e4 c6 7. Nf3 O-O 8. Be2
b6 9. e5 Nd5 10. Nxd5 cxd5 11. Qa4 Bb7 12. Bd2 Qd7 13. Qb3 Nc6 14. O-O e6 15. a4
f6 16. Bb5 a6 17. Bxc6 Bxc6 18. Bb4 Rfe8 19. Bd6 f5 20. Rfc1 Qb7 21. Rc3 Rac8
22. Rac1 Bf8 23. Bxf8 Rxf8 24. h4 Bd7 25. a5 Rxc3 26. Rxc3 b5 27. Qb4 Rc8 28.
Qe7 Rxc3 29. bxc3 Bc8 30. Qd8+ Kg7 31. h5 gxh5 32. Kh2 Qd7 33. Qg5+ Kf8 34. Qxh5
Qf7 35. Qh4 Qe7 36. Kg3 Qxh4+ 37. Kxh4 Kg7 38. Kg5 Bd7 39. Ne1 h6+ 40. Kh5 Be8+
41. Kh4 Kg6 42. Nd3 Bd7 43. Nc5 Bc8 44. g3 Kh7 45. Kh5 Kg7 46. f3 Kh7 47. g4
fxg4 48. fxg4 Kg7 49. g5 hxg5 50. Kxg5 Kf7 51. Kh6 Kf8 52. Kg6 Ke7 53. Kg7 Bd7
54. Nxd7 Kxd7 55. Kf6 Kc6 56. Kxe6 b4 57. cxb4 Kb5 58. Kxd5 Kxb4 59. e6 Kxa5 60.
Kc5 1-0

[Event "Chigorin Memorial Open"]
[Site "St Petersburg RUS"]
[Date "2011.10.18"]
[Round "5.93"]
[White "Martynov, Pavel2"]
[Black "Popov, Artemiy"]
[Result "1-0"]
[WhiteElo "2223"]
[BlackElo "1649"]
[WhiteFideId "4122186"]
[BlackFideId "24136727"]
[EventDate "2011.10.14"]

1. Nf3 Nf6 2. g3 d5 3. Bg2 c6 4. O-O Bg4 5. d3 Nbd7 6. c4 e5 7. cxd5 Nxd5 8. Nc3
Nxc3 9. bxc3 Be7 10. d4 exd4 11. Qxd4 Nf6 12. Rb1 Bxf3 13. Bxf3 Qxd4 14. cxd4
O-O-O 15. e3 Nd5 16. Bd2 f5 17. Rfc1 Rhe8 18. Rb5 Ba3 19. Rc2 Ne7 20. Ra5 Bd6
21. Rxa7 Kc7 22. Ba5+ Kb8 23. Bxd8 Kxa7 24. Ba5 Nd5 25. Bd2 Ra8 26. Be2 Kb8 27.
Bc4 Ra4 28. h4 g6 29. Kf1 Nf6 30. Bb3 Ra6 31. Be1 Kc7 32. f3 Nh5 33. Kg2 Ra8 34.
e4 fxe4 35. fxe4 Rd8 36. e5 Be7 37. d5 Kd7 38. d6 Bf8 39. Rf2 Bg7 40. Rf7+ Ke8
41. Be6 Ra8 42. g4 Bxe5 43. d7+ 1-0

[Event "Chigorin Memorial Open"]
[Site "St Petersburg RUS"]
[Date "2011.10.18"]
[Round "5.94"]
[White "Sazonova, Anastasia"]
[Black "Vorobjev, Dmitry"]
[Result "0-1"]
[WhiteElo "1963"]
[BlackElo "2214"]
[WhiteFideId "24131008"]
[BlackFideId "24112178"]
[EventDate "2011.10.14"]

1. e4 c5 2. Nf3 d6 3. d4 Nf6 4. Nc3 cxd4 5. Nxd4 g6 6. h3 Bg7 7. g3 Nc6 8. Nde2
h5 9. h4 Ne5 10. Bg2 Bg4 11. O-O Nf3+ 12. Bxf3 Bxf3 13. Qd3 Bxe2 14. Qxe2 O-O
15. Nd5 Nxd5 16. exd5 Re8 17. c3 Qa5 18. Qd3 b5 19. a3 Qa4 20. Be3 Qb3 21. Qd2
a5 22. Rfe1 Rab8 23. Bg5 Rb7 24. Rab1 Be5 25. Re4 Rc8 26. Rbe1 Rc5 27. f4 Rxd5
28. Qe2 Bg7 29. Rxe7 Rxe7 30. Bxe7 b4 31. axb4 axb4 32. Bg5 bxc3 33. Qf3 Rc5 34.
Qd3 Qb6 35. Kh1 cxb2 36. Qe4 Qc6 37. Qxc6 Rxc6 38. f5 gxf5 39. Rb1 Ra6 0-1

[Event "Chigorin Memorial Open"]
[Site "St Petersburg RUS"]
[Date "2011.10.18"]
[Round "5.96"]
[White "Chernyak, Viktoria"]
[Black "Bukhteeva, Viktoria"]
[Result "0-1"]
[BlackTitle "WFM"]
[WhiteElo "1808"]
[BlackElo "2178"]
[WhiteFideId "24165956"]
[BlackFideId "4192907"]
[EventDate "2011.10.14"]

1. e4 d5 2. exd5 Nf6 3. Nf3 Qxd5 4. Be2 Bg4 5. d4 Nc6 6. O-O O-O-O 7. Be3 Qf5 8.
Nbd2 Bxf3 9. Nxf3 e5 10. c3 exd4 11. Nxd4 Nxd4 12. cxd4 Kb8 13. Qb3 Nd5 14. Bf3
g5 15. Rfe1 Bg7 16. Rac1 g4 17. Be2 Rd6 18. Rc5 Rhd8 19. Bd3 Qd7 20. Rec1 Rb6
21. Qc2 Nxe3 22. fxe3 Bxd4 23. Rxc7 Bxe3+ 24. Kh1 Qe8 25. Re1 Re6 26. Bf5 Re5
27. Bxg4 Bc5 28. Rxe5 Qxe5 29. Qxc5 Qe1+ 30. Qg1 Qxg1+ 31. Kxg1 Kxc7 32. Bh5 f6
33. b3 Rd2 34. a4 Kd6 35. Bf7 Kc5 36. g4 Kb4 37. h4 h6 38. Be6 Rb2 39. Bd5 b6
40. Kf1 Rxb3 0-1

[Event "Chigorin Memorial Open"]
[Site "St Petersburg RUS"]
[Date "2011.10.18"]
[Round "5.97"]
[White "Rybakova, Polina"]
[Black "Menkov, Aleksandr"]
[Result "1/2-1/2"]
[WhiteElo "1743"]
[BlackElo "2152"]
[WhiteFideId "24178829"]
[BlackFideId "24160326"]
[EventDate "2011.10.14"]

1. e4 c5 2. Nf3 e6 3. d4 cxd4 4. Nxd4 a6 5. Nc3 Qc7 6. Bd3 b5 7. a3 Bb7 8. O-O
Nf6 9. Kh1 Nc6 10. Nxc6 dxc6 11. Qe2 c5 12. e5 c4 13. exf6 cxd3 14. Qxd3 gxf6
15. Rd1 f5 16. Re1 Rg8 17. f3 Be7 18. Qd4 Qc6 19. Qd3 Rd8 20. Qe2 Bd6 21. Be3
Rg6 22. Rad1 h5 23. Bc1 h4 24. h3 Rc8 25. Rd3 Bb8 26. Be3 a5 27. Nxb5 Qxc2 28.
Nd6+ Bxd6 29. Rxd6 e5 30. Rxg6 Qxe2 31. Rg8+ Kd7 32. Rxe2 Rxg8 33. Bf2 e4 34.
fxe4 fxe4 35. Bxh4 f5 36. g3 Rc8 37. Bg5 a4 38. Be3 Ke6 39. Kg2 Ba6 40. Rd2 Bd3
41. Kf2 Rc2 42. Rxc2 Bxc2 43. Bf4 Kf6 44. Ke3 Bd3 45. h4 Kg6 46. Be5 Bc2 47. Bd4
Bd1 48. Kf4 Be2 49. Ke3 1/2-1/2

[Event "Chigorin Memorial Open"]
[Site "St Petersburg RUS"]
[Date "2011.10.18"]
[Round "5.98"]
[White "Gudkina, Zhanna"]
[Black "Vunder, Yakov"]
[Result "1/2-1/2"]
[WhiteElo "1781"]
[BlackElo "2221"]
[WhiteFideId "24102318"]
[BlackFideId "4161955"]
[EventDate "2011.10.14"]

1. e4 e5 2. Nf3 Nc6 3. Bb5 a6 4. Ba4 Nf6 5. O-O Be7 6. Re1 b5 7. Bb3 d6 8. c3
O-O 9. h3 h6 10. d4 Re8 11. Nbd2 Bf8 12. Bc2 Bd7 13. Nf1 g6 14. Ng3 Bg7 15. Bd2
Na5 16. a4 Nc4 17. Bc1 c5 18. d5 bxa4 19. Bxa4 Qb6 20. Bxd7 Nxd7 21. b3 Na5 22.
Be3 Reb8 23. Nd2 Qc7 24. h4 h5 25. Rb1 Rb5 26. c4 Rb4 27. Nf3 Rab8 28. Bd2 R4b7
29. Bxa5 Qxa5 30. Ra1 Qb6 31. Nd2 Bf6 32. Nxh5 gxh5 33. Qxh5 Kg7 34. Qg4+ Kf8
35. Re3 Ke7 36. Nf1 Rh8 37. Ng3 Rbb8 38. Nf5+ Kd8 39. h5 Kc7 40. Rg3 Ra8 41. h6
Qb8 42. Qh5 Qf8 43. Kf1 Bd8 44. Rg7 Bf6 45. Rxf7 Qe8 46. Qg6 1/2-1/2

[Event "Chigorin Memorial Open"]
[Site "St Petersburg RUS"]
[Date "2011.10.18"]
[Round "5.99"]
[White "Lisitsin, Boris"]
[Black "Ivkina, Olga"]
[Result "1/2-1/2"]
[BlackTitle "WIM"]
[WhiteElo "1977"]
[BlackElo "2296"]
[WhiteFideId "4139313"]
[BlackFideId "4156820"]
[EventDate "2011.10.14"]

1. Nc3 e5 2. Nf3 Nc6 3. d4 exd4 4. Nxd4 Bc5 5. Be3 Nxd4 6. Bxd4 Bxd4 7. Qxd4 Qf6
8. O-O-O Qxd4 9. Rxd4 Nf6 10. f3 d6 11. e4 Be6 12. Bb5+ c6 13. Be2 Ke7 14. Rhd1
Rhd8 15. f4 d5 16. f5 c5 17. R4d2 d4 18. fxe6 dxc3 19. Rxd8 cxb2+ 20. Kxb2 Rxd8
21. e5 Ne4 22. Rxd8 Kxd8 23. exf7 Ke7 24. f8=Q+ Kxf8 25. Bf3 Nd2 26. Bd5 b5 27.
Kc3 Nf1 28. Bc6 Ke7 29. Bxb5 Nxh2 30. Be2 Ke6 31. Kc4 Kxe5 32. Kxc5 g5 33. c4 g4
34. Kc6 h5 35. c5 h4 36. Kd7 h3 37. gxh3 g3 38. c6 g2 39. c7 g1=Q 40. c8=Q Qd4+
41. Ke8 Qe3 42. Bg4 Kf6+ 43. Kd7 Nxg4 44. hxg4 Qe6+ 45. Kc7 Qxa2 46. Qf8+ Qf7+
47. Qxf7+ Kxf7 48. Kc6 1/2-1/2

[Event "Chigorin Memorial Open"]
[Site "St Petersburg RUS"]
[Date "2011.10.18"]
[Round "5.100"]
[White "Semenova, Irina"]
[Black "Zheleznaykov, Peter"]
[Result "1-0"]
[WhiteTitle "WGM"]
[WhiteElo "2236"]
[BlackElo "1955"]
[WhiteFideId "4118367"]
[BlackFideId "24104620"]
[EventDate "2011.10.14"]

1. e4 e6 2. d4 d5 3. Nc3 Nf6 4. e5 Nfd7 5. f4 c5 6. Nf3 Nc6 7. Be3 Be7 8. Qd2
O-O 9. O-O-O f6 10. exf6 Bxf6 11. dxc5 Qa5 12. Kb1 Nxc5 13. Nxd5 Qxd2 14. Nxf6+
Rxf6 15. Nxd2 b6 16. Bb5 Bb7 17. Rhe1 Nb4 18. a3 Nd5 19. Bxc5 bxc5 20. Ne4 Rxf4
21. Nxc5 a6 22. Bd7 Bc8 23. Bxe6+ Bxe6 24. Nxe6 Rf5 25. g4 Nc3+ 26. bxc3 Rb5+
27. Kc1 1-0

[Event "Chigorin Memorial Open"]
[Site "St Petersburg RUS"]
[Date "2011.10.18"]
[Round "5.101"]
[White "Skvortsov, Alexander"]
[Black "Bezulenko, Evgeny"]
[Result "1-0"]
[WhiteElo "2179"]
[BlackElo "1953"]
[WhiteFideId "24170038"]
[BlackFideId "24105996"]
[EventDate "2011.10.14"]

1. e4 g6 2. d4 Bg7 3. Nc3 d6 4. Bg5 c5 5. dxc5 Qa5 6. Bd2 Qxc5 7. Nd5 Bd7 8. Bb4
Qc8 9. Nf3 Nc6 10. Bc3 Bxc3+ 11. Nxc3 Nf6 12. Bd3 O-O 13. O-O Bg4 14. h3 Bxf3
15. Qxf3 Ne5 16. Qe2 Qc5 17. Kh2 Rac8 18. f4 Nc4 19. Na4 Qc6 20. b3 Na3 21. c4
a6 22. Rac1 Qe8 23. Nc3 b5 24. cxb5 axb5 25. Nxb5 Nxb5 26. Bxb5 Qd8 27. a4 Qb6
28. Rc4 Rxc4 29. Bxc4 e6 30. Qf3 Nd7 31. Rd1 Nc5 32. Re1 Rc8 33. f5 gxf5 34.
exf5 d5 35. Bb5 Qd6+ 36. Qg3+ Qxg3+ 37. Kxg3 exf5 38. b4 Ne6 39. Bd7 Rc3+ 40.
Kf2 Rb3 41. a5 Rxb4 42. a6 Rb6 43. Ra1 Nc7 44. a7 Na8 45. Rc1 Kg7 46. Bc6 Rb2+
47. Kg3 Nb6 48. Ra1 Rc2 49. Bxd5 Rc3+ 50. Kh2 Rc5 51. Bf3 Rc8 52. Rb1 Rc7 53.
Rxb6 Rxa7 54. Kg3 Ra4 55. Rb7 Rd4 56. Rb6 f6 57. Kf2 Kg6 58. Ke3 Ra4 59. Rd6 h5
60. Rd8 h4 61. Rd4 Ra3+ 62. Kd2 Kg5 63. Ke2 Ra5 64. Kf2 Rc5 65. Rd8 Rc2+ 66. Be2
f4 67. Rh8 Rb2 68. Rh5+ Kg6 69. Rxh4 Kg5 70. Rh8 Kg6 71. Kf3 Rb4 72. Rc8 f5 73.
Rc4 Rb2 74. Rxf4 Rb3+ 75. Kf2 Kg5 76. Rf3 Rb2 77. Rc3 Rd2 78. Rg3+ Kh4 79. Rg8
f4 80. Rg4+ Kh5 81. Rxf4+ Kh6 82. Ke3 Rd6 83. Bd3 Re6+ 84. Re4 Rb6 85. Re5 Rb2
86. Be4 Ra2 87. Kf4 Rf2+ 88. Bf3 Rb2 89. Re6+ Kg7 90. g4 Rb4+ 91. Kg3 Rb3 92. h4
Ra3 93. g5 Ra4 94. h5 Rb4 95. h6+ Kf7 96. Rf6+ Kg8 97. g6 Rb8 98. Bd5+ Kh8 99.
g7+ 1-0